Pytania geografia - Statystyki

Ogólne statystyki
  • Ten quiz został rozwiązany 60 razy
  • Średni wynik to 12 z 16
Statystyki odpowiedzi
Zagadnienie Odpowiedź % Poprawnych
Ile kolarów ma USA? 3
100%
Co jest większe? Australia
100%
Jakiego kraju Helsinki jest stolicą? Finlandia
100%
Czy Polska ma wyspę? Tak
100%
Czy istnieje kraj Dominika? Tak
100%
Jaki kraj dawniej to Imperium Osmańskie? Turcja
100%
Ile Szeszele ma sąsiadów? 0
80%
Jakie góry są najwyższe na świecie? Mount Everest
80%
Czy istnieje kraj Timur Zachodni? Nie
80%
Jaka jest najdłuższa rzeka na świecie? Nil
80%
Ile sąsiadów ma Rosja? 11
60%
Ile krajów ma Wielka Brytania? 4
60%
Co jest większe? Polska
60%
Jaka jest najkrótsza rzeka na świecie? Repruna
60%
Ile krajów ma Nato? 31
40%
Jakie zwierzę jest na fladze Hiszpanii? Niedźwiedź
20%
Nie znaleziono quizów pasujących do podanych kryteriów
Rozkład punktacji
Procent ludzi z każdym wynikiem
Percentyl według liczby udzielonych odpowiedzi
Twoja historia wyników
Nie rozwiązałeś tego quizu